| 000 | 00417 a2200109 4500 | ||
|---|---|---|---|
| 001 | ART_17441 | ||
| 005 | 20260410161820.0 | ||
| 008 | 260409a | ||
| 245 | 1 | 0 | _aAnálisis de las modificaciones al Régimen Penal Tributario |
| 100 | 1 | _aSemachowicz, Esteban D. | |
| 773 | 0 |
_tDoctrina Penal Tributaria y Económica _gEdición especial : Reforma de la Ley Penal Tributaria - Nº 22 (feb. 2012) _wREV4317 |
|
| 999 |
_c22272 _d22272 |
||